| LEADER 00000nam 2200000uu 4500 |
| 008 120601s2554||||th 000 0 tha d |
| 040 ^abcnkk
|
| 041 0 ^atha
|
| 060 0 ^aวจ WY20.5 น196ค 2554.
|
| 100 0 ^aนภาดล สีหพันธุ์.
|
| 245 00 ^aรายงานวิจัยเรื่อง คุณลักษณะของพยาบาลวิชาชีพตามความต้องการของสังคมในเขตตรวจราชการกระทรวงสาธารณสุข ที่ 13./^bนภาดล สีหพันธุ์,ปาริชาต รัตนราช,ไพรวัลย์ โคตรตะ.
|
| 260 ^aอุบลราชธานี : ^bคณะพยาบาลศาสตร์ มหาวิทยาลัยราชภัฎอุบลราชธานี,^c2554.
|
| 300 ^a 100 หน้า.
|
| 650 0 ^aพยาบาล.
|
| 650 0 ^aคุณลักษณะของพยาบาล.
|
| 650 0 ^aวิจัย.
|
| 710 1 ^aมหาวิทยาลัยราชภัฎอุบลราชธานี. คณะพยาบาลศาสตร์.
|
| 999 ^aใช้งานได้ทุกระบบ
|